Tytuły piosenek ze wspólnymi pierwszymi słowami #1 - Statystyki

Ogólne statystyki
  • Ten quiz został rozwiązany 1 417 razy
  • Średni wynik to 11 z 24
Statystyki odpowiedzi
Końce tytułów piosenek Pierwsze słowo % Poprawnych
On Me, My Breath Away, Me Home Take
87%
To Love, That I Used To Know Somebody
82%
It Go, It Be Let
74%
Can Say Goodbye, Gonna Give You Up Never
74%
Jude, Ya! Hey
72%
!...I Did It Again, Upside Your Head Oops
71%
Criminal, Operator Smooth
71%
A Prayer, A Rolling Stone, A Virgin Like
69%
Of The Rising Sun, Of Cards House
67%
Buy Me Love, Stop The Feeling! Can't
64%
Gurls, Dreamin' California
51%
Girl, Funk Uptown
43%
Of '69, In The City Summer
42%
Going On, Love Got To Do With It What's
42%
Diggity, Scrubs No
33%
Of A Preacher Man, Of My Father Son
31%
From A Rose, The Rain Kiss
27%
By The Riverside, Under Down
26%
Oddity, Cowboy, Jam Space
24%
Eyes, Like The Wolf Hungry
22%
Fields Forever, Swing Strawberry
18%
Shelter, All Your Lovin' Gimme
15%
Right Now, Shook Up, Of The Lights All
14%
USA, Safari, Bird Surfin'
8%
Nie znaleziono quizów pasujących do podanych kryteriów
Rozkład punktacji
Procent ludzi z każdym wynikiem
Percentyl według liczby udzielonych odpowiedzi
Twoja historia wyników
Nie rozwiązałeś tego quizu